| 000 | 00440nam a2200193Ia 4500 | ||
|---|---|---|---|
| 008 | 210210b1921 xxu||||| |||| 00| 0 eng d | ||
| 041 | _aeng | ||
| 082 | _a822/951 | ||
| 100 | _aPEACOCK (W) | ||
| 245 | _aProse from landor to holmes | ||
| 260 |
_aLondon _bOxford University Press _c1921 |
||
| 650 | _ato | ||
| 650 | _aProse | ||
| 650 | _alandor | ||
| 650 | _aholmes | ||
| 650 | _afrom | ||
| 690 | _aEnglish Prose | ||
| 906 | _a013134 | ||
| 999 |
_c131979 _d131979 |
||